Normal view
MARC view
Entry Topical Term
001 - CONTROL NUMBER
- control field: 54904
003 - CONTROL NUMBER IDENTIFIER
- control field: OSt
005 - DATE AND TIME OF LATEST TRANSACTION
- control field: 20241005110122.0
008 - FIXED-LENGTH DATA ELEMENTS
- fixed length control field: 241005|| aca||aabn | a|a d
040 ## - CATALOGING SOURCE
- Original cataloging agency: OSt
- Transcribing agency: OSt
150 ## - HEADING--TOPICAL TERM
- Topical term or geographic name entry element: ဘဒ္ဒန္တမာဃိန္ဒ အသျှင်သူမြတ်
- General subdivision: ထေရုပ္ပတ္တိ
670 ## - SOURCE DATA FOUND
- Source citation: Work cat.: (OSt)16610: ဣန္ဒာသဘ၊ အရှင် 17251, ဘဒ္ဒန္တမာဃိန္ဒ အသျှင်သူမြတ်ထေရုပ္ပတ္တိ /, ၁၉၇၈။